Informácie, ktoré potrebujeme, hoci nie vždy chceme: spätná väzba manažérom

Spätná väzba poskytuje dôležité informácie - ako ďalej a či veci fungujú tak, ako majú. Úprimná a konštruktívna spätná väzba je kľúčovým predpokladom k posunu. Folkmanove princípy spätnej väzby.

Na minha lista:
Detalhes bibliográficos
Autor principal: Krištofičová, Katarína
Formato: Capítulo de Livro
Idioma:eslovaco
Assuntos:
Tags: Adicionar Tag
Sem tags, seja o primeiro a adicionar uma tag!

MARC

LEADER 00000naa a2200000 4500
001 0168298
005 20230912102416.8
041 0 |a slo 
044 |a SK 
245 1 0 |a Informácie, ktoré potrebujeme, hoci nie vždy chceme: spätná väzba manažérom  |c Katarína Krištofičová 
520 |a Spätná väzba poskytuje dôležité informácie - ako ďalej a či veci fungujú tak, ako majú. Úprimná a konštruktívna spätná väzba je kľúčovým predpokladom k posunu. Folkmanove princípy spätnej väzby. 
610 2 0 |a manažéri 
610 2 0 |a manažment 
610 2 0 |a rozhodovanie manažérske 
610 2 0 |a metódy riadenia 
610 2 0 |a sebariadenie 
610 2 0 |a sebapoznanie 
610 2 0 |a väzba spätná 
100 1 |a Krištofičová, Katarína